00301nam a2200109Ia 4500008004100000082000800041100001100049245001500060942000600075952009500081999001500176240331s9999 xx 000 0 und d bALI aAli, M 0aBrick lane cL 001040708LaWERCLbWERCLcSSCd2024-03-31l0o 823 ALIp6613r2024-03-31w2024-03-31yL c5376d5376